00348nam a2200109Ia 4500008004100000245006600041260003500107260000900142300000800151650001300159856006600172170516s9999 xx 000 0 und d aWhy Should One Choose Pharmacy as a Career? Mr Peeush Singhal bAsian Journal of Pharmaceutics c2015 a9:4 xPharmacy uhttp://www.asiapharmaceutics.info/index.php/ajp/issue/view/57